| 000 | nam a22 7a 4500 | ||
|---|---|---|---|
| 999 |
_c129765 _d129765 |
||
| 008 | 190828b xxu||||| |||| 00| 0 eng d | ||
| 020 | _a978-88-209-98082-5 | ||
| 050 | _aB67.R382 | ||
| 245 |
_aThe relationship between science and philosophy: _bnew opportunities for a fruitful dialogue |
||
| 260 |
_aVatican City: _bLiberia Editrice Vaticana _cc2008 |
||
| 300 |
_a100p. ; _c27cm. |
||
| 942 |
_2lcc _cMONOGRAPH |
||